LEADER 00829nam a2200229 i 4500 001 000000165038 003 CaOOAMICUS 005 20071008000000.0 008 071008s1967 it u000 u ita u 013 $a142406 040 $aSeMil$bita 100 1 $aBaldwin, James <1924-1987>.$0(OLS)http://semarc/name/32148 245 10$aStamattina, stasera, troppo presto /$cJames Baldwin. 260 $aMilano :$bRizzoli,$ccopyr. 1967. 300 $a254 p. ;$c23 cm. 490 0 $aLa scala 830 3$aLa scala.$0(OLS)http://semarc/title/7359 850 $aSeMil 852 $aSeMil$W1$xVenegono$y1$m1U VI 40$j240167$B116237$CSeMilBibl$Z2$F127130 $81 961 $aRecupero: Altro 996 $6245$aStamattina, stasera, troppo presto$9(OLS)http://semarc/title/235510 996 $6260$aMilano :$bRizzoli$9(OLS)http://semarc/publisher/29824 LEADER 01071nam a2200229 i 4500 001 000000242227 003 CaOOAMICUS 005 20150601000000.0 008 150601s2003 it u000 u ita u 013 $a221132 020 $a88-8025-368-9 040 $aSeMil$bita 100 1 $aTettamanzi, Dionigi,$c.$0(OLS)http://semarc/name/89456 245 10$a[A nome di Gesł :$blettera ai ragazzi della Cresima /$cDionigi Tettamanzi Arcivescovo di Milano]. 260 $aMilano :$bCentro Ambrosiano,$ccopyr. 2003. 300 $a1 v. :$bill. ;$c19 cm. 650 4$aTettamanzi, Dionigi - Scritti, discorsi, omelie, lettere pastorali, etc.$0(OLS)http://semarc/subject/2681 850 $aSeMil 852 $aSeMil$W1$xVenegono$y1$m5B III 31/14$j192573$B192573$CSeMilBibl$Z2$F203383 $81 996 $6020$a88-8025-368-9$9(OLS)http://semarc/number/249382 996 $6245$a[A nome di Gesł :$blettera ai ragazzi della Cresima$9(OLS)http://semarc/title/344009 996 $6260$aMilano :$bCentro Ambrosiano$9(OLS)http://semarc/publisher/29766